| 000 | 00981cam a22002533a 4500 | ||
|---|---|---|---|
| 001 | 28569 | ||
| 003 | PGUSA | ||
| 005 | 20140828083621.0 | ||
| 008 | 090421s2009||||xxu|||||s|||||000 | eng d | ||
| 040 |
_aPGUSA _beng |
||
| 042 | _adc | ||
| 050 | 4 | _aPE | |
| 100 | 1 |
_aTappan, Eva March, _d1854-1930 |
|
| 245 | 1 | 0 |
_aMakers of Many Things _h[electronic resource] / _cEva March Tappan |
| 260 |
_bProject Gutenberg, _c2009 |
||
| 505 | 0 | _aThe little friction match -- About india rubber -- "Kid" gloves -- How rags and trees become paper -- How books are made -- From goose quill to fountain pens and lead pencils -- The dishes on our tables -- How the wheels of a watch go around -- The making of shoes -- In the cotton mill -- Silkworms and their work. | |
| 506 | _aPublic domain in the USA. | ||
| 516 | _aElectronic text | ||
| 653 | _aManufactures | ||
| 653 | _aReaders | ||
| 830 | 0 |
_aProject Gutenberg _v28569 |
|
| 856 | 4 | 0 | _uhttp://www.gutenberg.org/ebooks/28569 |
| 942 | _cEB | ||
| 999 |
_c257824 _d257824 |
||